| 000 | 00656nam a2200193Ia 4500 | ||
|---|---|---|---|
| 003 | GCL | ||
| 008 | 140319s9999 xx 000 0 ara d | ||
| 020 | _a217287977 | ||
| 040 |
_aGCL / _cGCL |
||
| 082 | 0 | 4 |
_a668.4 _bم م |
| 100 | 1 | _aمحمد اسماعيل عمر | |
| 245 | 1 | 0 |
_aموسوعة خامات البلاستيك / _cمحمد اسماعيل عمر |
| 260 |
_aالقاهرة : _bدار الكتب العلمية للنشر والتوزيع ، _c2002 |
||
| 300 |
_a703 ص ؛ _c24 سم |
||
| 650 | 0 | 4 | _aالبلاستيك |
| 650 | 0 | 4 | _aالبلاستيك - صناعة وتجارة |
| 650 | 0 | 4 | _aالبلاستيك - خامات |
| 942 |
_2ddc _cBK |
||
| 999 |
_c6403 _d6403 |
||